| 000 | 01631nam a2200385Ia 4500 | ||
|---|---|---|---|
| 001 | 88349 | ||
| 003 | IT-RoPAU | ||
| 008 | 130308s9999 xx 000 0 und d | ||
| 040 | _aIT-RoPAU | ||
| 040 | _cIT-RoPAU | ||
| 041 | _aITALIANO | ||
| 100 | _aRies Al | ||
| 100 | _gCodice Aut. SPICS: 27906 | ||
| 240 | _aPOSITIONING: THE BATTLE FOR YOUR MIND | ||
| 240 | _gCodice Tit. Orig. Spics: T1232 | ||
| 242 | _aPOSITIONNEMENT (LE)-LA CONQUETE DE L'ESPRIT | ||
| 242 | _nCod. Traduzione Titolo: 79732 | ||
| 242 | _yFRA | ||
| 245 | _aPositioning-La conquista della posizione vincente | ||
| 245 | _bPositioning-La conquista della posizione Vincente | ||
| 250 | _a2a ed. | ||
| 260 | _aMILANO | ||
| 260 | _bMcgraw Hill Libri Italia Srl | ||
| 260 | _c1988 [1° Ed.:1984 - Ed.Ling.Originale:1981] | ||
| 300 | _a"282 p. (prefazione: no ; testo: 282)" | ||
| 500 | _aNatura del Posizionamento Attacco Alla Mente Come Introdursi nella Mente scale nel cervello della Gente Come Posizionare un leader Concorrente Come Riposizionare la concorrenza importanza del Nome Estensione della Linea dei prodotti Come Posizionare Un'Azienda la Xerox un paese Il Belgio Un'Isola la Giamaica un prodotto Follie al Latte un Servizio Il Mailgram una banca una Stazione Sciistica Come Posizionare la Chiesa Cattolica Come Posizionare Se stessi e la Propria carriera sei tappe Verso Il successo Gioco del Posizionamento | ||
| 650 | _aTEORICHE DELLA PUBBLICITA' | ||
| 650 | _eCodice materia Spics: 6205 | ||
| 700 | _aTrout Jack | ||
| 700 | _gCodice Aut. SPICS: 27907 | ||
| 942 | _cBK | ||
| 957 | _71 | ||
| 999 |
_c69409 _d69409 |
||
| 999 | _bSI | ||
| 999 | _g1 | ||